|
|
|
|
| LEADER |
00000nam a22000007a 4500 |
| 005 |
20171204193042.0 |
| 007 |
cr|||| |||| |
| 008 |
171204s2014 mx |||||s|||| 00||0 spa d |
| 020 |
|
|
|a 978-607-401-846-2
|
| 035 |
|
|
|a 20728
|
| 040 |
|
|
|a vLex
|
| 090 |
|
|
|c 7258
|d 7258
|
| 245 |
0 |
0 |
|a Grecia. Los Hebreos
|h [Recurso electrn̤ico]:
|b Antologa̕
|
| 256 |
|
|
|a Servicio en ln̕ea
|
| 260 |
|
|
|a Ciudad de Mx̌ico:
|b Cm̀ara de Diputados,
|c 2014
|
| 300 |
|
|
|a 1 recurso electrn̤ico (198p.)
|
| 506 |
1 |
|
|a Disponible solo en los productos indicados
|d vLex Global
|d vLex Global (Academic Edition, excluding Law Schools)
|d vLex Global (U.S. Academic Edition, Law Schools)
|d vLex Global (U.S. Academic Edition, excluding Law Schools)
|d vLex Global (Academic Edition, Law Schools)
|
| 650 |
0 |
4 |
|a Ciencias sociales
|z Mx̌ico
|
| 650 |
0 |
4 |
|a Humanidades
|z Mx̌ico
|
| 740 |
0 |
|
|a vLex Libros (Servicio en ln̕ea)
|
| 856 |
4 |
0 |
|u http://vlex.com/source/grecia-hebreos-antologia-20728
|z Acceso restringido
|
| 942 |
|
|
|c BOOK
|
| 999 |
0 |
|
|a Social science
|
| 999 |
0 |
|
|a Humanities
|